Fundamentals of electronics. (Record no. 111834)

MARC details
000 -LEADER
fixed length control field 00394nam a2200157Ia 4500
008 - FIXED-LENGTH DATA ELEMENTS--GENERAL INFORMATION
fixed length control field 210210b1970 xxu||||| |||| 00| 0 eng d
082 ## - DEWEY DECIMAL CLASSIFICATION NUMBER
Classification number 621.381 LALF
100 ## - MAIN ENTRY--PERSONAL NAME
Personal name LAL (K C)
245 ## - TITLE STATEMENT
Title Fundamentals of electronics.
260 ## - PUBLICATION, DISTRIBUTION, ETC.
Place of publication, distribution, etc. Agra.
Name of publisher, distributor, etc. Ram Prasad & Sons,
Date of publication, distribution, etc. 1970
300 ## - PHYSICAL DESCRIPTION
Extent viii,440
650 ## - SUBJECT ADDED ENTRY--TOPICAL TERM
Topical term or geographic name entry element Electronics<br/><br/>
690 ## - LOCAL SUBJECT ADDED ENTRY--TOPICAL TERM (OCLC, RLIN)
Topical term or geographic name as entry element Electronics
700 ## - ADDED ENTRY--PERSONAL NAME
Personal name SAXENA (R N).
906 ## - LOCAL DATA ELEMENT F, LDF (RLIN)
a SG00296
Holdings
Withdrawn status Lost status Damaged status Not for loan Collection code Home library Current library Shelving location Date acquired Cost, normal purchase price Total Checkouts Full call number Barcode Date last seen Price effective from Koha item type
          St Aloysius Library St Aloysius Library   02/17/2021 0.00   621.381 LALF SG00296 02/17/2021 02/17/2021 Special Grants